The anthropology of Christianity

Αποθηκεύτηκε σε:
Λεπτομέρειες βιβλιογραφικής εγγραφής
Άλλοι συγγραφείς: Cannell, Fenella (Επιμελητής έκδοσης)
Μορφή: Βιβλίο
Γλώσσα:English
Δημοσίευση: Durham : Duke University Press, 2006
Θέματα:
Ετικέτες: Προσθήκη ετικέτας
Δεν υπάρχουν, Καταχωρήστε ετικέτα πρώτοι!

MARC

LEADER 00000nam a2200000 i 4500
001 1/94557
008 080925s2006 eng d
020 |a 0-8223-3646-4 
035 |l 10100449 
040 |a GR-MY-UA  |b gre  |e aacr 
041 0 |a eng 
082 0 |a 306.63  |2 (22) 
245 1 4 |a The anthropology of Christianity /  |c edited by Fenella Cannell 
260 |a Durham :   |b Duke University Press,   |c 2006 
300 |a 373 σ.;  |c 24 εκ. 
504 |a Βιβλιογραφία: σ. 325-352 
504 |a Ευρετήριο: σ. 355-373 
650 0 0 |a Christianity and culture. 
650 0 0 |a Ethnology  |x Religious aspects  |x Christianity. 
650 0 0 |a Anthropology of religion. 
700 1 |a Cannell, Fenella.  |4 edt 
852 |a INST  |b LESVOS  |e 20080925  |h 306.63 ANT  |p 005100042920  |q 005100042920  |t BK  |y 4  |x 20191031 
901 |a BIBL1-2008-3 
909 |a Λ  |b 151532 
922 |a 1ΕΛΗ  |b 200803  |c ΕΠΕΑΕΚ2/ΤΚΑ  |d ΠΑΠΑΣΩΤΗΡΙΟΥ 
970 |a ΧΑΤΖΗΜΙΧΑΗΛ  |b ΜΑΡΙΑ  |z 2008/09/25